000
00376nam a2200133Ia 4500
008
151001s9999||||xx |||||||||||||| ||und||
100
_a
चंद्रकांत काकोडकर
245
_a
प्रीत पतंगाची
250
_a
1
260
_b
भारतीय पॉकेट बुक्स
260
_c
1969
300
_a
140
365
_b
7
999
_c
954999
_d
954996